Histórias e lendas da América (Registo nº 4263)
[ vista simples ]
| 000 -Etiqueta do registo | |
|---|---|
| Cabeçalho | 00870cam a2200301 4500 |
| 005 - Identificador da versão | |
| Campo de controlo | 20240813122056.0 |
| 095 ## - | |
| -- | PTBN00684894 |
| 010 ## - Número internacional normalizado dos livros (ISBN) | |
| Número (ISBN) | 9722109588 |
| 021 ## - Número do Depósito Legal | |
| Código do país | PT |
| Número | 78474/94 |
| 100 ## - Dados gerais de processamento | |
| Dados gerais de processamento | 19950123d1994 a y0pory5003 ba |
| 102 ## - Pais de publicação ou produção | |
| País de publicação | Portugal |
| 101 0# - Língua de publicação | |
| Língua do texto, banda sonora, etc. | Português |
| 106 ## - Campo de dados codificados: material textual | |
| Dados codificados do material textual | r |
| 105 ## - Campo de dados codificados: livros | |
| Dados codificados dos livros | a z 001yy |
| 215 ## - Descrição física | |
| Indicação específica da natureza do documento e extensão da espécie | 152 p. |
| Outras indicações físicas | il. |
| Dimensões | 31 cm |
| 200 1# - Titulo e menção de responsabilidade | |
| Título próprio | Histórias e lendas da América |
| Primeira menção de responsabilidade | Ana Maria Magalhães, Isabel Alçada |
| 210 ## - Publicação, Distribuição, etc. | |
| Lugar da edição, distribuição, etc. | Lisboa |
| Nome do editor, distribuidor, etc. | Caminho |
| Data da publicação, distribuição, etc. | 1994 |
| 606 ## - Nome comum usado como assunto | |
| Número de registo de entrada de autoridade | 0000969 |
| Palavra de ordem | Lendas |
| Subdivisão geográfica | América |
| Subdivisão de assunto | [Publicações infantis] |
| Código do sistema | SIPOR |
| 675 ## - Classificação Decimal Universal (CDU) | |
| Notação | 087.5 |
| Edição | BN |
| Língua da edição | por |
| Notação | 398.2(7/8)(0.053.2) |
| Edição | BN |
| Língua da edição | por |
| 702 #1 - Nome de autor-pessoa física (responsabilidade secundária) | |
| Número de registo de entrada de autoridade | 0000465 |
| Palavra de ordem | Marques |
| Outra parte do nome não tomada para palavra de ordem | Carlos |
| Código de função | Ilustrador / Técnico de desenho computorizado |
| 701 #1 - Nome de autor-pessoa física (co-responsabilidade principal) | |
| Palavra de ordem | Alçada |
| Outra parte do nome não tomada para palavra de ordem | Isabel |
| Elementos de identificação ou distinção | pseud. |
| Código de função | Autor / Co-autor |
| 700 #1 - Nome de autor-pessoa física (responsabilidade principal) | |
| Número de registo de entrada de autoridade | 0000312 |
| Palavra de ordem | Magalhães |
| Outra parte do nome não tomada para palavra de ordem | Ana Maria |
| Datas | 1946- |
| 942 ## - Elementos de entrada adicionados (Koha) | |
| Tipo de item no Koha | Livro |
| Situação do levantamento | Origin of item (home branch) (coded) | Biblioteca de empréstimo | Código de barras | Cota | Circulation type (not for loan) | Tipo de documento | Nota do exemplar | Damaged status |
|---|---|---|---|---|---|---|---|---|
| Biblioteca Escolar das Vendas | Biblioteca Escolar das Vendas | BEV1168 | 3 MAG | Livro | Sem mensagem |
